000 02032cam a22004334i 4500
003 PE-LiUPU
005 20250731183439.0
008 150706s2005 r 000 0 d
020 _a9709726188
035 _a(Sirsi) i9789709726183
040 _aPE-LiUPU
_bspa
_cPE-LiUPU
_erda
049 _aPRUA
082 0 4 _a747.852
_bE8
_221
245 0 1 _aEspacios en arquitectura :
_boficinas, restaurantes, espacios comerciales.
_n7 /
_cedición, Fernando de Haro, Omar Fuentes ; traducción, Mexidiom Traducciones.
264 1 _aMe´xico, DF :
_bArquitectos Mexicanos,
_c2005.
300 _a175 páginas :
_bilustraciones ;
_c29 cm.
336 _atext
_2rdacontent
337 _aunmediated
_2rdamedia
338 _avolume
_2rdacarrier
500 _aParalelo texto español e Inglés.
505 0 _aArquitectos -- Abax arquitectos -- Arquiteg -- Aruitectura GFA + Ezequiel Farca -- Art arquitectos -- B + P / GA&A Arquitectos -- Becker arquitectos -- DPG estudio de arquitectura y diseño -- Grupo arquitech -- Higuera + Marqcó -- Martor arquitectos -- Migdal arquitectos -- Museotec -- Sama arquitectos -- Space.
526 _aP158
526 _aP146
526 _aP17
526 _aP12
526 _aP06
541 _g015-0015390;
650 0 4 _aArquitectura moderna
_ySiglo XXI
_zMéxico.
650 0 4 _aArquitectura
_zMéxico
_ySiglo XXI.
700 1 _aHaro Lebrija, Fernando de,
_eed.
710 2 _aMexidiom Traducciones (Firma comercial)
700 1 _aFuentes Elizondo, Omar,
_eed.
910 _cbd
_d20130612
942 _2ddc
_cBOOK
949 _a747.852 E8 7
_wDEWEY
_c1
_i67513
_lCCODEBUL1
_mBUL
_p56.00
_r0
_sY
_tBOOK
_u2015-7-6
_xINGENIERIA
_PP06
_o.STAFF. Colección General
994 _aC0
_bPEPRU
596 _a1
999 _a747.852 E8 7
_wDEWEY
_c55144
_i67513
_d55144
_e2016-9-25
_f2021-11-10
_g7
_lCCODEBUL1
_mBUL
_n2
_p56.00
_q2
_r0
_sY
_tBOOK
_u2015-7-6
_xINGENIERIA
_PP06
_0COMPRA
_o.STAFF. Colección Ingenieria y Arquitectura
980 _81
_gALBERTO SANCHEZ Responsable de Automatización